| 000 | 00553nam a2200157Ia 4500 | ||
|---|---|---|---|
| 008 | 100204s9999 xx 000 0 und d | ||
| 082 | _b28217 | ||
| 245 | _aइथे जगण्याची सक्ती आहे | ||
| 250 | _a0 | ||
| 260 |
_b"प्रतिक प्रकाशन , पुणे" _c2005 |
||
| 300 | _a116 | ||
| 630 | _aइथे जगण्याची सक्ती आहे | ||
| 700 | _aकिणीकर रॉय | ||
| 730 | _aइथे जगण्याची सक्ती आहे | ||
| 942 | _cBOOK | ||
| 999 |
_c473788 _d473785 |
||